Leadership for evidence-based innovation in nursing and health professions / (Record no. 60360)

MARC details
000 -LEADER
fixed length control field 00707nam a22002057a 4500
005 - DATE AND TIME OF LATEST TRANSACTION
control field 20260416125748.0
008 - FIXED-LENGTH DATA ELEMENTS--GENERAL INFORMATION
fixed length control field 260416b |||||||| |||| 00| 0 eng d
020 ## - INTERNATIONAL STANDARD BOOK NUMBER
International Standard Book Number 9781284099416
050 ## - LIBRARY OF CONGRESS CALL NUMBER
Classification number RT89
Item number .D38 2017
100 ## - MAIN ENTRY--PERSONAL NAME
Personal name Davidson, Sandra,
245 ## - TITLE STATEMENT
Title Leadership for evidence-based innovation in nursing and health professions /
260 ## - PUBLICATION, DISTRIBUTION, ETC. (IMPRINT)
Place of publication, distribution, etc Burlington, Massachusetts :
Name of publisher, distributor, etc Jones & Bartlett Learning,
Date of publication, distribution, etc 2017
300 ## - PHYSICAL DESCRIPTION
Extent xix, 551 pages :
Other physical details illustrations ;
Dimensions 23 cm
500 ## - GENERAL NOTE
General note Includes bibliographical references.
650 ## - SUBJECT ADDED ENTRY--TOPICAL TERM
Topical term or geographic name as entry element Evidence-Based Nursing.
650 ## - SUBJECT ADDED ENTRY--TOPICAL TERM
Topical term or geographic name as entry element Organizational Innovation.
650 ## - SUBJECT ADDED ENTRY--TOPICAL TERM
Topical term or geographic name as entry element Nurse Administrators
700 ## - ADDED ENTRY--PERSONAL NAME
Personal name Weberg, Daniel Robert,
942 ## - ADDED ENTRY ELEMENTS (KOHA)
Source of classification or shelving scheme Library of Congress Classification
Item type Book
Holdings
Withdrawn status Lost status Source of classification or shelving scheme Damaged status Not for loan Collection code Home library Current library Shelving location Date acquired Source of acquisition Cost, normal purchase price Total Checkouts Full call number Barcode Date last seen Copy number Price effective from Koha item type
    Library of Congress Classification   Not For Loan Non-fiction Bishop Okullu Memorial Library (Limuru Campus) Bishop Okullu Memorial Library (Limuru Campus) Processing Center 16/04/2026 Donation- Pittsburgh 2822.00   RT89 .D38 2017 073211 16/04/2026 1 16/04/2026 Book